|
|
|
|
| LEADER |
00898nam a22001934a 4500 |
| 008 |
150111n ii |||gr||||Z||||||eng |
| 020 |
|
|
|a 0387903313
|
| 082 |
|
|
|a 519.2 CHO
|
| 100 |
|
|
|a Chow, Yuan, Shih,
|q (Chow, Yuan, Shih).
|
| 245 |
|
|
|a Probability Theory :
|b Independence,Interchangeability,Martingales /
|c Chow, Yuan, Shih .
|h Textual Documents
|
| 260 |
|
|
|a New Delhi:
|b Narosa Publishing House,
|c 1979.
|
| 300 |
|
|
|a XV,455p.:
|e 07710.
|
| 630 |
|
|
|a Probility Theory - Statistics,.
|
| 653 |
|
|
|a Bernoulli Theorem,Kolmogorov zero-one law,Central Limit Theorem,Martingales,Marcinkiewicz-Zygmund Inequality
|
| 700 |
|
|
|a Teicher, Henry,
|q (Teicher, Henry).
|
| 852 |
|
|
|t 1
|p STA07710
|b Text Books
|k 519.2 CHO
|f 00000
|c Shelf - 9
|
| 942 |
|
|
|c BK
|
| 999 |
|
|
|c 216327
|d 216327
|
| 952 |
|
|
|0 0
|1 0
|4 0
|6 519_200000000000000_CHO
|7 0
|9 230341
|a STA
|b STA
|c Shelf - 9
|d 2019-12-11
|l 0
|o 519.2 CHO
|p STA07710
|r 2019-12-11
|t 1
|w 2019-12-11
|y BK
|